Học tiếng Anh qua truyện bằng tranh : Sinh hoạt xã hội

Сохранить в:
Библиографические подробности
Формат:
Язык:Undetermined
Опубликовано: Thành phố Hồ Chí Minh Nhà xuất bản Thành phố Hồ Chí Minh 2003
Предметы:
Метки: Добавить метку
Нет меток, Требуется 1-ая метка записи!
Thư viện lưu trữ: Trung tâm Học liệu Trường Đại học Cần Thơ
LEADER 00697nam a2200205Ia 4500
001 CTU_60717
008 210402s9999 xx 000 0 und d
020 |c 28000 
082 |a 428.24 
082 |b H419/T.2 
245 0 |a Học tiếng Anh qua truyện bằng tranh : 
245 0 |b Sinh hoạt xã hội 
245 0 |c Nguyễn Trung Tánh và Phạm Tấn Quyền biên dịch 
260 |a Thành phố Hồ Chí Minh 
260 |b Nhà xuất bản Thành phố Hồ Chí Minh 
260 |c 2003 
650 |a English language 
650 |x Textbooks for foreign speakers 
904 |i Minh, Năm 
980 |a Trung tâm Học liệu Trường Đại học Cần Thơ